<?xml version="1.0" encoding="UTF-8"?>
<record
    xmlns:xsi="http://www.w3.org/2001/XMLSchema-instance"
    xsi:schemaLocation="http://www.loc.gov/MARC21/slim http://www.loc.gov/standards/marcxml/schema/MARC21slim.xsd"
    xmlns="http://www.loc.gov/MARC21/slim">

  <leader>02040nam a22001577a 4500</leader>
  <datafield tag="999" ind1=" " ind2=" ">
    <subfield code="c">519227</subfield>
    <subfield code="d">519227</subfield>
  </datafield>
  <controlfield tag="008">220215b           ||||| |||| 00| 0 eng d</controlfield>
  <datafield tag="100" ind1=" " ind2=" ">
    <subfield code="a">Alok, V.N., Jatoliya, M. and Pareek, A. </subfield>
    <subfield code="9">32268</subfield>
  </datafield>
  <datafield tag="245" ind1=" " ind2=" ">
    <subfield code="a">Governance and economic impact of Covid-19 in Indian federation</subfield>
  </datafield>
  <datafield tag="260" ind1=" " ind2=" ">
    <subfield code="a">Indian Journal of Public Administration  </subfield>
  </datafield>
  <datafield tag="300" ind1=" " ind2=" ">
    <subfield code="a">67(3), Sep, 2021: p.452-469</subfield>
  </datafield>
  <datafield tag="520" ind1=" " ind2=" ">
    <subfield code="a">In the year 2019&#x2013;2020, Indian economy was already on its trough and the incidence of coronavirus pandemic in 2020&#x2013;2021 has further deteriorated the economic condition, limiting the fiscal space of the government. As need of the hour was to take some supportive measures to handle such an unusual situation, therefore various monetary and fiscal measures were taken by the government to overcome the impact of the pandemic. This resulted in overshooting of the fiscal deficit target set under the Fiscal Responsibility and Budget Management (FRBM) Act (2003) and made the government to revise its fiscal deficit target of 3.5% of Gross Domestic Product (GDP) in 2020&#x2013;2021 Budget Estimates (BE) and 9.5% in 2020&#x2013;2021 Revised Estimates (RE), and further it is projected as 6.8% of GDP for 2021&#x2013;2022 (BE). After an estimated 7.7% pandemic-driven contraction in 2020&#x2013;2021, India&#x2019;s real GDP is projected to record growth of 11.0% in 2021&#x2013;2022 and nominal GDP by 15.4%. The government is expected to generate 23% more revenue and has budgeted to increase its spending by only 0.95% in FY22 as compared to FY21 (RE). In order to deal with pandemic situation, the economists have suggested more active, counter-cyclical fiscal policy to enable growth during economic downturn. However, due to lack of revenue sources, it also becomes important to strategise the path for fiscal consolidation for the ensuing years. &#x2013; Reproduced </subfield>
  </datafield>
  <datafield tag="650" ind1=" " ind2=" ">
    <subfield code="a">Covid-19, Economic impact, Federal, Fiscal deficit, FRBM, Governance, India</subfield>
    <subfield code="9">29910</subfield>
  </datafield>
  <datafield tag="773" ind1=" " ind2=" ">
    <subfield code="a">Indian Journal of Public Administration  </subfield>
  </datafield>
  <datafield tag="906" ind1=" " ind2=" ">
    <subfield code="a">COVID-19 (DISEASE) - ECONOMIC ASPECTS</subfield>
  </datafield>
  <datafield tag="942" ind1=" " ind2=" ">
    <subfield code="c">AR</subfield>
  </datafield>
  <datafield tag="952" ind1=" " ind2=" ">
    <subfield code="0">0</subfield>
    <subfield code="1">0</subfield>
    <subfield code="2">ddc</subfield>
    <subfield code="4">0</subfield>
    <subfield code="7">0</subfield>
    <subfield code="9">393278</subfield>
    <subfield code="a">IIPA</subfield>
    <subfield code="b">IIPA</subfield>
    <subfield code="d">2022-02-15</subfield>
    <subfield code="h">67(3), Sep, 2021: p.452-469</subfield>
    <subfield code="p">AR126259</subfield>
    <subfield code="r">2022-02-15</subfield>
    <subfield code="y">AR</subfield>
  </datafield>
</record>
